| 000 | 01000cam a22002895a 4500 | ||
|---|---|---|---|
| 001 | 15617475 | ||
| 005 | 20201128021533.0 | ||
| 008 | 090209s2009 enka frb 001 0 eng d | ||
| 020 | _a9780470022634 (cloth) | ||
| 020 | _a0470022639 (cloth) | ||
| 040 |
_aDLC _cDLC _dBWKUK _dYDXCP _dDLC _dEG-ScBUE _beng |
||
| 082 | 0 | 4 |
_a621.36 _222 _bKRE |
| 100 | 1 |
_aKress, Bernard C. _938815 |
|
| 245 | 1 | 0 |
_aApplied digital optics : _bfrom micro-optics to nanophotonics / _cBernard C. Kress, Patrick Meyrueis. |
| 260 |
_aChichester : _bJohn Wiley & Sons, Ltd., _c2009. |
||
| 300 |
_axx, 617 p. : _bill. ; _c26 cm. |
||
| 500 | _aIndex : p. 611-617. | ||
| 504 | _aIncludes bibliographical references. | ||
| 650 | 0 |
_aOptical MEMS. _2BUEsh |
|
| 650 | 7 |
_aNanophotonics. _2BUEsh _931405 |
|
| 650 | 7 |
_a Integrated optics. _2BUEsh _9561 |
|
| 650 | 7 |
_aSignal processing _xDigital techniques. _2BUEsh _923318 |
|
| 651 | _2BUEsh | ||
| 653 |
_bENGELC _cAugust2015 _cDecember2015 |
||
| 700 | 1 | _aMeyrueis, Patrick. | |
| 942 | _2ddc | ||
| 999 |
_c20702 _d20674 |
||